Central Library OPAC University of Rajshahi

History of Shahjahan of Dihli / (Record no. 55606)

MARC details
000 -LEADER
fixed length control field 00727nam a2200217 a 4500
001 - CONTROL NUMBER
control field 55606
003 - CONTROL NUMBER IDENTIFIER
rucl marc code BD-RjUL
005 - DATE AND TIME OF LATEST TRANSACTION
control field 20211209080304.0
008 - FIXED-LENGTH DATA ELEMENTS--GENERAL INFORMATION
fixed length control field 161120s1962 ii b 001 0 eng
035 ## - SYSTEM CONTROL NUMBER
System control number (BD-RjUL)55729
040 ## - CATALOGING SOURCE
Original cataloging agency DLC
Transcribing agency CLobS
Modifying agency CLobS
-- TxU
-- DLC
-- BD-RjUL
Language of cataloging eng
041 ## - LANGUAGE CODE
Language code of text/sound track or separate title eng
082 ## - DEWEY DECIMAL CLASSIFICATION NUMBER
Edition number 23
Classification number 954.0257
Author mark and year SAH 1962
100 1# - MAIN ENTRY--PERSONAL NAME
Personal name Saksena, Banarsi Prasad.
9 (RLIN) 165654
245 10 - TITLE STATEMENT
Title History of Shahjahan of Dihli /
Statement of responsibility, etc. Banarsi Prasad Saksena ; With a foreword by Wolseley Haig.
260 ## - PUBLICATION, DISTRIBUTION, ETC. (IMPRINT)
Place of publication, distribution, etc. Allahabad :
Name of publisher, distributor, etc. Central Book Depot,
Date of publication, distribution, etc. c1962.
300 ## - PHYSICAL DESCRIPTION
Pagination xxx, 373 p. ;
Size 22 cm.
504 ## - BIBLIOGRAPHY, ETC. NOTE
Bibliography, etc Includes index and bibliography
600 00 - SUBJECT ADDED ENTRY--PERSONAL NAME
Personal name Shahjahan,
Titles and other words associated with a name Emperor of India,
Dates associated with a name approximately 1592-1666.
942 ## - ADDED ENTRY ELEMENTS (KOHA)
Source of classification or shelving scheme Dewey Decimal Classification
Koha item type Books
Holdings
Lost status Source of classification or shelving scheme Damaged status Not for loan Collection code Permanent Location Current Location Shelving location Date acquired Source of acquisition Cost, normal purchase price Total Checkouts Full call number Date last seen Copy number Koha item type
  Dewey Decimal Classification     Non-fiction Central Library, University of Rajshahi Central Library, University of Rajshahi   31/12/1963 M. Ashraf, Lahore 7.50   954.0257 SAH 1962 20/11/2016 C-2 Books
  Dewey Decimal Classification   Not For Loan Non-fiction Central Library, University of Rajshahi Central Library, University of Rajshahi Reading Room 11/01/1965 Book center 16.87   954.0257 SAH 1962 03/12/2016 C-1 Books
  Dewey Decimal Classification     Non-fiction Central Library, University of Rajshahi Central Library, University of Rajshahi   23/01/1967 Book centre 16.87   954.0257 SAH 1962 05/03/2017 C-3 Books